Tribal & village rugs : the definitive guide to design, pattern and motif /

Bibliographic Details
Main Author: Stone, Peter F.
Format: Book
Language:English
Published: New York, N.Y. : Thames & Hudson, [2004]
Subjects:

MARC

Tag First Indicator Second Indicator Subfields
LEADER 00000cam a2200000 a 4500
001 in00002018151
005 20151031171101.0
008 040209s2004 enkab b 001 0 eng
010 |a  2004101804 
015 |a GBA458210  |2 bnb 
016 7 |a 012968000  |2 Uk 
020 |a 0500511845 (hbk.) 
035 |a (OCoLC)ocm56646360 
040 |a UKM  |c UKM  |d DLC  |d UMC  |d TXA  |d UtOrBLW 
042 |a lccopycat 
049 |a TXAM 
050 0 0 |a NK2873  |b .S76 2004 
082 0 4 |a 746.7'56  |2 22 
100 1 |a Stone, Peter F. 
245 1 0 |a Tribal & village rugs :  |b the definitive guide to design, pattern and motif /  |c Peter F. Stone. 
246 3 |a Tribal and village rugs 
264 1 |a New York, N.Y. :  |b Thames & Hudson,  |c [2004] 
264 4 |c ©2004 
300 |a 350 pages :  |b color illustrations, color maps ;  |c 29 cm. 
336 |a text  |b txt  |2 rdacontent 
337 |a unmediated  |b n  |2 rdamedia 
338 |a volume  |b nc  |2 rdacarrier 
504 |a Includes bibliographical references (pages 340-343) and index. 
650 0 |a Rugs, Nomadic  |z Middle East  |x Themes, motives. 
650 0 |a Rugs, Nomadic  |z Asia, Central  |x Themes, motives. 
948 |a cataloged  |b h  |c 2005/1/27  |d c  |e jgreene  |f 4:28:50 pm 
994 |a E0  |b TXA 
999 |a MARS 
999 f f |s 67d6d0cf-26da-3cce-9ede-3ac853bac823  |i 005f2a32-0ac6-30a9-be0a-c965f41120f1  |t 0 
952 f f |p normal  |a Texas A&M University  |b College Station  |c Sterling C. Evans Library  |d Evans: Library Stacks  |t 0  |e NK2873 .S76 2004  |h Library of Congress classification  |i unmediated -- volume  |m A14831747292 
998 f f |a NK2873 .S76 2004  |t 0  |l Evans: Library Stacks